Formation of Submillisecond Titanium Ion Beams with a High Pulsed Power Density; Journal of Experimental and Theoretical Physics; Vol. 135, iss. 6

التفاصيل البيبلوغرافية
Parent link:Journal of Experimental and Theoretical Physics=Журнал экспериментальной и теоретической физики.— .— New York: Springer Science+Business Media LLC.
Vol. 135, iss. 6.— 2022.— P. 952-964
مؤلفون آخرون: Ryabchikov A. I. Aleksandr Ilyich, Tarakanov V. P. Vladimir Pavlovich, Korneva O. S. Olga Sergeevna, Sivin D. O. Denis Olegovich
الملخص:Title screen
The formation of pulsed and repetitively-pulsed high-intensity metal ion beams from vacuum arc plasma is numerically simulated and experimentally studied. The numerical simulation is performed using the KARAT code. The ballistic focusing of heavy ions at injection currents of 0.1–1 A is investigated. The influence of the ion current density, the accelerating voltage, and the conditions for neutralizing the space charge of a beam on the transport and focusing of a high-power-density ion beam has been studied. The conditions of appearance of a virtual anode are determined and studied. Multiple appearance and disappearance of a virtual anode are shown to occur at a long ion beam formation time and a low residual atmosphere pressure. The possibility of ballistic formation of submillisecond droplet-free titanium ion beams with a pulse power density of several hundreds of kilowatts per square centimeter has been experimentally shown
Текстовый файл
AM_Agreement
اللغة:الإنجليزية
منشور في: 2022
الموضوعات:
الوصول للمادة أونلاين:https://doi.org/10.1134/S1063776122120184
Статья на русском языке
التنسيق: الكتروني فصل الكتاب
KOHA link:https://koha.lib.tpu.ru/cgi-bin/koha/opac-detail.pl?biblionumber=685930

MARC

LEADER 00000naa0a2200000 4500
001 685930
005 20260402115609.0
090 |a 685930 
100 |a 20260402d2022 k||y0rusy50 ba 
101 0 |a eng 
102 |a US 
135 |a drnn ---uucaa 
181 0 |a i   |b  e  
182 0 |a b 
183 0 |a cr  |2 RDAcarrier 
200 1 |a Formation of Submillisecond Titanium Ion Beams with a High Pulsed Power Density  |d Формирование пучков ионов титана субмиллисекундной длительности с высокой импульсной плотностью мощности  |f A. I. Ryabchikov, V. P. Tarakanov, O. S. Korneva, D. O. Sivin 
203 |a Текст  |c электронный  |b визуальный 
283 |a online_resource  |2 RDAcarrier 
300 |a Title screen 
320 |a References: 31 tit 
330 |a The formation of pulsed and repetitively-pulsed high-intensity metal ion beams from vacuum arc plasma is numerically simulated and experimentally studied. The numerical simulation is performed using the KARAT code. The ballistic focusing of heavy ions at injection currents of 0.1–1 A is investigated. The influence of the ion current density, the accelerating voltage, and the conditions for neutralizing the space charge of a beam on the transport and focusing of a high-power-density ion beam has been studied. The conditions of appearance of a virtual anode are determined and studied. Multiple appearance and disappearance of a virtual anode are shown to occur at a long ion beam formation time and a low residual atmosphere pressure. The possibility of ballistic formation of submillisecond droplet-free titanium ion beams with a pulse power density of several hundreds of kilowatts per square centimeter has been experimentally shown 
336 |a Текстовый файл 
371 0 |a AM_Agreement 
461 1 |t Journal of Experimental and Theoretical Physics  |l Журнал экспериментальной и теоретической физики  |c New York  |n Springer Science+Business Media LLC. 
463 1 |t Vol. 135, iss. 6  |v P. 952-964  |d 2022 
610 1 |a электронный ресурс 
610 1 |a труды учёных ТПУ 
701 1 |a Ryabchikov  |b A. I.  |c Professor of Tomsk Polytechnic University, Doctor of physical and mathematical sciences  |c physicist  |f 1950-  |g Aleksandr Ilyich  |9 15150 
701 1 |a Tarakanov  |b V. P.  |g Vladimir Pavlovich 
701 1 |a Korneva  |b O. S.  |c physicist  |c engineer of Tomsk Polytechnic University  |f 1988-  |g Olga Sergeevna  |9 20156 
701 1 |a Sivin  |b D. O.  |c physicist  |c Senior researcher of Tomsk Polytechnic University, Candidate of technical sciences  |f 1978-  |g Denis Olegovich  |9 17771 
801 0 |a RU  |b 63413507  |c 20260402  |g RCR 
856 4 0 |u https://doi.org/10.1134/S1063776122120184  |z https://doi.org/10.1134/S1063776122120184 
856 4 0 |u https://doi.org/10.31857/S0044451022120203  |z Статья на русском языке 
942 |c CF